| 000 -ლიდერი |
| ფიქსირებული სიგრძის საკონტროლო ველი |
01823nam a2200265Ia 4500 |
| 001 - საკონტროლო ნომერი |
| საკონტროლო ველი |
23336 |
| 003 - საკონტროლო ნომრის იდენტიფიკატორი |
| საკონტროლო ველი |
GE_BSU |
| 005 - ბოლო ოპერაციის თარიღი და დრო |
| საკონტროლო ველი |
20260109145806.0 |
| 008 - ფიქსირებული სიგრძის მონაცემთა ელემენტები - ზოგადი ინფორმაცია |
| ფიქსირებული სიგრძის საკონტროლო ველი |
181216s1964||||ge |||||||||||||| ||geo|| |
| 040 ## - კატალოგიზაციის წყარო |
| Transcribing agency |
GE_BSU |
| 041 ## - ენის კოდი |
| Language code of text/sound track or separate title |
geo |
| 080 ## - უნივერსალური ათობითი კლასიფიკაციის ინდექსი |
| Universal Decimal Classification number |
94(479.223)"18 მ-47 |
| 100 ## - მთავარი ჩანაწერი - პიროვნების სახელი |
| Personal name |
მეგრელიძე, შამშე |
| 9 (RLIN) |
26634 |
| 245 ## - ცნობა სათაურის შესახებ |
| Title |
აჭარის წარსულიდან : |
| Remainder of title |
მუჰაჯირობა 1878-1882 წლებში / |
| Statement of responsibility, etc |
შამშე მეგრელიძე ; რედ.: ა. სურგულაძე ; საქ. სსრ მეცნ. აკად., ს. ჯანაშიას სახ. საქ. სახელმწ. მუზეუმი. |
| 264 ## - წარმოების, გამოცემის, დისტრიბუციის და სხვა ცნობები |
| გამოცემის, წარმოების, დისტრიბუციის... ადგილი |
თბილისი : |
| გამოცემის, წარმოების, დისტრიბუციის... სახელწოდება |
მეცნიერება, |
| გამოცემის, წარმოების, დისტრიბუციის... თარიღი |
1964. |
| 300 ## - ფიზიკური აღწერა |
| Extent |
100 გვ. ; |
| Dimensions |
21 სმ. |
| 500 ## - ზოგადი შენიშვნა |
| General note |
დანართი: გრიგოლ ორბელიანის წერილიდან კავკასიის მეფისნაცვლის მოადგილისადმი, დ. ი. სვიატოპოლკ-მირსკისადმი ბათუმის ოლქიდან მოსახლეობის გასახლების შესახებ |
| 500 ## - ზოგადი შენიშვნა |
| General note |
გ. წერეთლის კორესპოდენციები აჭარის მოსახლეობის გასახლების შესახებ |
| 504 ## - BIBLIOGRAPHY, ETC. NOTE |
| Bibliography, etc |
ბიბლიოგრ. შენიშვნებში |
| 653 ## - INDEX TERM--UNCONTROLLED |
| Uncontrolled term |
აჭარის წარსულიდან : მუჰაჯირობა 1878-1882 წლებში |
| 653 ## - INDEX TERM--UNCONTROLLED |
| Uncontrolled term |
ისტორია |
| 700 ## - ADDED ENTRY--PERSONAL NAME |
| Personal name |
სურგულაძე, ა. |
| Relator term |
რედაქტორი |
| 9 (RLIN) |
26635 |
| 942 ## - ADDED ENTRY ELEMENTS (KOHA) |
| Koha item type |
წიგნი |
| Source of classification or shelving scheme |
|